| 000 | 00649cam a2200229 4500 | ||
|---|---|---|---|
| 008 | 030305n2003 000 0 eng u | ||
| 020 | _a1860816029 | ||
| 035 | _a(Sirsi) u121522 | ||
| 050 |
_a690.068 _c21 |
||
| 100 | _aGraves, Hilary | ||
| 245 | _aHOBO protocol : handover of office building operations | ||
| 260 |
_aLodon _bBRE _c2003 |
||
| 300 |
_a12p. _bill. _c30cm. |
||
| 490 |
_aBRE Digest _v474 |
||
| 650 | _aCOMMISSIONING PROCEDURES | ||
| 650 | _aHANDOVER | ||
| 650 | _aHANDOVER OF OFFICE BUILDINGS PROTOCOL | ||
| 690 | _aBUILDING AND CONSTRUCTION-MANAGEMENT | ||
| 700 | _aJaggs, Michael | ||
| 700 | _aWatson, Mike | ||
| 942 | _n0 | ||
| 999 |
_c102674 _d102674 |
||